000
00338nam a2200133 a 4500
005
20140414131922.0
008
101023s19uu xx 00 eng d
050
_a
ER
_b
P16 2006
100
_a
Velasquez, Crystal
245
_a
Paint the town.
260
_b
Scholastic ,
_c
2006.
_a
New York :
440
_a
Maya and Miguel
999
_c
111801
_d
111801